Химическое взаимодействие атомов азота и водорода с твердыми веществами: диссертация на соискание ученой степени кандидата химических наук; Спец. 02.00.04.

Bibliographic Details
Main Author: Куликов Н. Ф.
Corporate Author: Томский политехнический институт
Other Authors: Савельев Г. Г. (научный руководитель)
Language:Russian
Published: Томск, [Б. и.], 1981
Subjects:
Format: Book
KOHA link:https://koha.lib.tpu.ru/cgi-bin/koha/opac-detail.pl?biblionumber=71252

MARC

LEADER 00000nbm0a2200000 4500
001 71252
005 20231031082439.0
035 |a (RuTPU)RU\TPU\book\75858 
090 |a 71252 
100 |a 20041211d1981 k y0rusy50 ca 
101 0 |a rus 
102 |a RU 
105 |a a m 001zy 
200 1 |a Химическое взаимодействие атомов азота и водорода с твердыми веществами  |e диссертация на соискание ученой степени кандидата химических наук  |e Спец. 02.00.04.  |f Н. Ф. Куликов  |g Томский политехнический институт; науч. рук.: Г. Г. Савельев 
210 |a Томск  |c [Б. и.]  |d 1981 
215 |a 106 л.  |c ил. 
320 |a Библиогр.: с. 96-104 (120 назв.) 
610 1 |a химия 
610 1 |a физическая химия 
610 1 |a химическое действие 
610 1 |a атомы 
610 1 |a азот 
610 1 |a водород 
610 1 |a твердые вещества 
610 1 |a диссертации 
675 |a 544.41-16(04)  |v 3 
686 |a 02.00.04.  |2 oksvnk 
700 1 |a Куликов  |b Н. Ф. 
702 1 |a Савельев  |b Г. Г.  |4 727 
712 0 2 |a Томский политехнический институт  |2 stltpush  |3 (RuTPU)RU\TPU\col\1123 
801 1 |a RU  |b 63413507  |c 20041211  |g PSBO 
801 2 |a RU  |b 63413507  |c 20130802  |g PSBO 
942 |c BK